| 000 | 00512nam a2200205Ia 4500 | ||
|---|---|---|---|
| 008 | 170918s9999 xx 000 0 und d | ||
| 020 | _a9780590907484 | ||
| 050 | _bG282 1993 | ||
| 100 | _aGave, Marc | ||
| 245 | _aMonkey see, monkey do / | ||
| 245 | _cby Marc Grave ; illustrated by Jacqueline Rogers. | ||
| 260 | _aNew York : | ||
| 260 | _bScholastic, | ||
| 260 | _c1993 | ||
| 300 | _aunpaged : | ||
| 300 | _bcolored illustration ; | ||
| 300 | _c22cm. | ||
| 440 | _aHello reader! | ||
| 500 | _aBR | ||
| 999 |
_c342962 _d342962 |
||